Men's tennis (singles) - Most wins (Open Era) - Statistics

General Stats
  • This quiz has been taken 2,084 times
    1,002 since last reset
  • The average score is 9 of 12
Answer Stats
Wins Player % Correct
930 Novak Djokovic
99%
999 Rafael Nadal
99%
1.242 Roger Federer
99%
762 Pete Sampras
92%
870 Andre Agassi
88%
875 John McEnroe
87%
1.243 Jimmy Connors
81%
1.071 Ivan Lendl
79%
801 Stefan Edberg
65%
923 Guillermo Vilas
38%
750 Ilie Nastase
34%
734 David Ferrer
30%
No matching quizzes found
Score Distribution
Percent of People with Each Score
Percentile by Number Answered
Your Score History
You have not taken this quiz since the last reset